Herencia de las Sociedad de las Naciones

Guardado en:
Detalles Bibliográficos
Autor Corporativo: Sociedad de las Naciones (Autor)
Formato: Libro
Lenguaje:español
Publicado: Ginebra Sociedad de las Naciones 1946
Materias:
Etiquetas: Agregar Etiqueta
Sin Etiquetas, Sea el primero en etiquetar este registro!

MARC

LEADER 00000nam a2200000 a 4500
001 UCT9351
003 CL-VaPUC
008 970404e19460000SZ |||||||||||||||||spa|d
082 0 4 |a 341.22  |b SOC  |2 21 
110 2 |a Sociedad de las Naciones  |e author  |9 381967 
245 1 0 |a Herencia de las Sociedad de las Naciones 
300 |a 139 p 
942 |c BK 
945 |d 19970404 00:00:00  |a paguirre 
260 |a Ginebra  |b Sociedad de las Naciones  |c 1946 
600 0 7 |a NACIONES UNIDAS  |2 CL-VaPUC  |9 255446 
600 0 7 |a SOCIEDAD DE NACIONES  |2 CL-VaPUC  |9 381968 
650 0 |a Organizaciones internacionales  |9 329196 
650 7 |a COMUNIDAD INTERNACIONAL  |2 CL-VaPUC  |9 381969 
650 0 |a Solución de conflictos  |9 266729 
650 0 |a Conflicto internacional  |9 341259 
650 0 |a Guerra  |9 255876 
583 |a last modification  |c 19970404 00:00:00  |k Rodrigo Vera 
999 |c 257758  |d 257756 
952 |0 0  |1 0  |4 0  |6 341_220000000000000_SOC_1946  |7 0  |8 A  |9 281407  |a BIBDER  |b BIBDER  |d 2019-11-19  |i 1820915  |o 341.22 SOC 1946  |p 1820915  |r 2023-01-25  |w 2019-11-19  |y BK  |k DER